000 00622nam a22002052 4500
001 0000009726
005 20151217155842.0
008 081123s xx 000 0 eng d
040 _aKABU
_cKABU
100 1 _aBrown, E.
_@0000161482
245 1 0 _aPlanting in Uganda :
_bcoffe-para rubber-cocoa /
_cby E. Brown, and H. H. Hunter.
250 _a1st ed.
260 _aLondon :
_bLongmans,
_c1913.
300 _axvi, 176 p.
650 0 _aAgriculture
_zUganda.
_@0000161483
650 0 _aCoffee
_zUganda.
_@0000161484
852 1 _9p300 KES
908 _a081123
950 _@1
999 _c13251
_d13251